Devi Mahatmyam/ (Record no. 180437)

MARC details
000 -LEADER
fixed length control field 00713nam a22002177a 4500
005 - DATE AND TIME OF LATEST TRANSACTION
control field 20220218154122.0
010 ## - LCCN (DPL NO)
LC control number ENG-129700
020 ## - INTERNATIONAL STANDARD BOOK NUMBER
Terms of availability 1295.00
International Standard Book Number 9788194971238
035 ## - SYSTEM CONTROL NUMBER
System control number EN-113232
037 ## - SOURCE OF ACQUISITION
Source of stock number/acquisition DBAD/PUB
082 ## - DEWEY DECIMAL CLASSIFICATION NUMBER
Classification number 230.2
245 ## - TITLE STATEMENT
Title Devi Mahatmyam/
Statement of responsibility, etc Edited and Complied by Manoj Singh, Dimple Verma & Sanjeev K. Singh
250 ## - EDITION STATEMENT
Edition statement 2021
260 ## - PUBLICATION, DISTRIBUTION, ETC. (IMPRINT)
Place of publication, distribution, etc New Delhi
Name of publisher, distributor, etc D.P.S Publishing House
Date of publication, distribution, etc 2020
270 ## - ADDRESS
Address 4598/12B,Gola Cottage, Ansari Road, Darya Ganj
City New Delhi
Postal code 110002
Telephone number 011-43586184
Electronic mail address dpspublishinghouse@gmail.com
300 ## - PHYSICAL DESCRIPTION
Extent 316 p.
Dimensions 23cm(pbk)
700 ## - ADDED ENTRY--PERSONAL NAME
Personal name Singh, Manoj
700 ## - ADDED ENTRY--PERSONAL NAME
Personal name Verma, Dimple
700 ## - ADDED ENTRY--PERSONAL NAME
Personal name Singh, Sanjeev K.
942 ## - ADDED ENTRY ELEMENTS (KOHA)
Source of classification or shelving scheme Dewey Decimal Classification
Item type English Books
Classification part 230.2
Call number suffix DEV
Holdings
Withdrawn status Lost status Not for loan Collection code Home library Current library Date acquired Source of acquisition Cost, normal purchase price Full call number Barcode Copy number Cost, replacement price Koha item type
      Non-fiction Ashok Vihar Ashok Vihar 09/08/2021 DBAD/PUB 1295.00 230.2 DEV EN-113232 1 1295.00 English Books

© Delhi Public Library
Hit Counter
free hit counter